Исследование кинетики взаимодействия металлического иридия с фторокислителями на основе трифторида брома; Современные техника и технологии; Т. 3

Bibliografske podrobnosti
Parent link:Современные техника и технологии: сборник трудов XVI Международной научно-практической конференции студентов, аспирантов и молодых ученых, Томск, 12-16 апреля 2010 г/ Национальный исследовательский Томский политехнический университет (ТПУ).— , 2010
Т. 3.— 2010.— [С. 27-28]
Glavni avtor: Зюбанова В. И. Валентина Игоревна
Drugi avtorji: Гребенюк Е. В. Евгений Васильевич (научный руководитель), Бобровская К. В., Шагалов В. В.
Izvleček:Заглавие с титульного листа
Электронная версия печатной публикации
Jezik:ruščina
Izdano: 2010
Teme:
Online dostop:http://www.lib.tpu.ru/fulltext/c/2010/C01/V1/011.pdf
Format: Elektronski Book Chapter
KOHA link:https://koha.lib.tpu.ru/cgi-bin/koha/opac-detail.pl?biblionumber=234703

MARC

LEADER 00000naa2a2200000 4500
001 234703
005 20260209104620.0
035 |a (RuTPU)RU\TPU\book\255829 
035 |a RU\TPU\book\255827 
090 |a 234703 
100 |a 20130328d2010 k y0rusy50 ca 
101 0 |a rus 
102 |a RU 
135 |a drnn ---uucaa 
181 0 |a i  
182 0 |a b 
200 1 |a Исследование кинетики взаимодействия металлического иридия с фторокислителями на основе трифторида брома  |f В. И. Зюбанова, Е. В. Гребенюк, К. В. Бобровская  |g науч. рук. В. В. Шагалов 
203 |a Текст  |c электронный 
215 |a 1 файл (208 Кб) 
300 |a Заглавие с титульного листа 
300 |a Электронная версия печатной публикации 
337 |a Adobe Reader 
461 0 |0 (RuTPU)RU\TPU\book\245271  |t Современные техника и технологии  |o сборник трудов XVI Международной научно-практической конференции студентов, аспирантов и молодых ученых, Томск, 12-16 апреля 2010 г  |o в 3 т.  |f Национальный исследовательский Томский политехнический университет (ТПУ)  |d 2010 
463 0 |0 (RuTPU)RU\TPU\book\255783  |t Т. 3  |v [С. 27-28]  |d 2010 
610 1 |a электронный ресурс 
610 1 |a труды учёных ТПУ 
610 1 |a металлический иридий 
610 1 |a кинетические константы 
610 1 |a фторокислители 
610 1 |a трифторид брома 
610 1 |a благородные металлы 
610 1 |a определение 
610 1 |a растворение 
610 1 |a уравнения 
610 1 |a температурные превращения 
700 1 |a Зюбанова  |b В. И.  |c студент физико-технического факультета Томского политехнического университета  |f 1988-  |g Валентина Игоревна  |3 (RuTPU)RU\TPU\pers\25855 
701 1 |a Гребенюк  |b Е. В.  |c специалист в области оптимизации систем управления  |c ассистент Томского политехнического университета  |f 1983  |g Евгений Васильевич  |3 (RuTPU)RU\TPU\pers\30577 
701 1 |a Бобровская  |b К. В. 
702 1 |a Шагалов  |b В. В.  |4 727 
801 1 |a RU  |b 63413507  |c 20130213 
801 2 |a RU  |b 63413507  |c 20130506  |g RCR 
856 4 |u http://www.lib.tpu.ru/fulltext/c/2010/C01/V1/011.pdf 
942 |c CF